Detroit Pistons - Tous les joueurs de l’équipe - Statistiques

Statistiques générales
  • Ce quiz a été pris 6 fois
  • Le résultat moyen est 6 sur 16
Statistiques - réponses
Joueurs % Correct
Cade Cunningham
100%
Daniss Jenkins
75%
Isaiah Stewart
75%
Jalen Duren
75%
Tobias Harris
75%
Marcus Sasser
50%
Paul Reed
50%
Ausar Thompson
25%
Caris LeVert
25%
Duncan Robinson
25%
Kevin Huerter
25%
Tolu Smith
25%
Bobi Klintman
0%
Chaz Lanier
0%
Javonte Green
0%
Ron Holland
0%
Aucun quiz correspondant
Distribution des résultats
% des personnes avec chaque résultat
Percentile par nombre de réponses
Votre historique - résultats
Vous n’avez pas pris ce quiz